Investment in Italy.
| Format: | Book |
|---|---|
| Published: |
Milan:
KPMG,
1997.
|
| Edition: | 4th ed.. |
| Subjects: |
| LEADER | 00425cam a2200169 7i4500 | ||
|---|---|---|---|
| 001 | 0000006638 | ||
| 005 | 19991025090000.0 | ||
| 002 | ##000008340 | ||
| 020 | 0 | 0 | |a T000006308 |
| 090 | 0 | 0 | |a ITAL 332.6 |b INV |
| 245 | 0 | 0 | |a Investment in Italy. |
| 250 | 0 | 0 | |a 4th ed.. |
| 260 | 0 | 0 | |a Milan: |b KPMG, |c 1997. |
| 300 | 0 | 0 | |a 101 p.. |
| 650 | 0 | 0 | |a Italy -- |x Investments |
| 651 | 0 | 0 | |a Italy |
| 999 | |a 0000009677 |b Book |c Open shelf |e Business Information Centre | ||